FillPak - fixační materiál z prostorově tvarovaného papíru
Myšlienka využitia vrstveného papiera skladaného a lisovaného do tvaru nekonečnej hadice (rezanej na stanovenú dĺžku) ako fixačného a ochranného materiálu tovaru v obaloch vznikla vo firme Ranpak Corporation v USA. Tento systém uvedený na trh pod názvom PadPak bol ďalej vyvýjaný a poslednou jeho alt...
Gespeichert in:
| 1. Verfasser: | |
|---|---|
| Format: | Buchkapitel |
| Sprache: | Tschechisch |
| Schlagworte: | |
| Tags: |
Keine Tags, Fügen Sie das erste Tag hinzu!
|
MARC
| LEADER | 00000naa a2200000 4500 | ||
|---|---|---|---|
| 001 | 0178011 | ||
| 005 | 20231211080059.6 | ||
| 041 | 0 | |a cze | |
| 044 | |a CZ | ||
| 245 | 1 | 0 | |a FillPak - fixační materiál z prostorově tvarovaného papíru |c Miloslav Vítek |
| 520 | |a Myšlienka využitia vrstveného papiera skladaného a lisovaného do tvaru nekonečnej hadice (rezanej na stanovenú dĺžku) ako fixačného a ochranného materiálu tovaru v obaloch vznikla vo firme Ranpak Corporation v USA. Tento systém uvedený na trh pod názvom PadPak bol ďalej vyvýjaný a poslednou jeho alternatívou je FillPak. | ||
| 610 | 2 | 0 | |a obaly |
| 610 | 2 | 0 | |a technika obalová |
| 610 | 2 | 0 | |a tovar |
| 610 | 2 | 0 | |a materiál |
| 610 | 2 | 0 | |a papier |
| 100 | 1 | |a Vítek, Miloslav | |